000 01147njm a22002777a 4500
005 20100913100347.0
007 sd ammalaaahaa
008 100913t xxu||||| |||| 00| 0 hin d
028 _aECLP. 5818
_bHis Master's Voice
035 _aGR-03624
040 _aSED/VEN
100 _919606
245 _aDarshan do ghanshyam/bhajans from films Part. 1 & 2 /
_h[sound recording] :
_c
246 _aदर्शन दो घनश्याम /भजन्स फ्रॉम फिल्म्स
260 _aDum Dum, India
_bHis Master's Voice
_c1982
300 _a1 sound disc [Gramophone record] :
_banalog, 33.1/3 rpm
_c12 in. (LP)
_fGramophone record
500 _aBrief record.
500 _aHis Master's Voice
500 _aOrange
505 _aPart.1 Jo tum todo piya (Meera Bhajan) (Silsila) (Lata Mangeshkar), Part 2 Mere hathon men lage to rang laye (Tumhare liye) (Asha Bhosle)
650 _aClassical Music
_xExcerpts
_zIndia
_919607
_vBhajans
700 _920331
_aMangeshkar, Lata
700 _aBhosle, Asha
_920750
942 _2ddc
_cGR
999 _c46895
_d46895